| 000 | 00613nam a2200181Ia 4500 | ||
|---|---|---|---|
| 003 | GCL | ||
| 008 | 140319s9999 xx 000 0 ara d | ||
| 040 |
_aGCL / _cGCL |
||
| 082 | 0 | 4 |
_a239 _bث م |
| 100 | 1 | _aثروت محمد سليمان | |
| 245 | 1 | 0 |
_aمعجم السيرة النبوية : اول معالجة علمية لفهرسة وتصنيف السيرة النبوية على حروف المعجم / _cثروت محمد سليمان |
| 490 | _a | ||
| 650 | 0 | 4 | _aالاسلام |
| 650 | 0 | 4 | _aالسيرة النبوية |
| 650 | 0 | 4 | _aالحديث |
| 650 | 0 | 4 | _aعلوم القران |
| 942 |
_2ddc _cBK |
||
| 999 |
_c48203 _d48203 |
||